Score 0/30 Timer 03:00
1 Play Today
% Correct
YEAR
98.8%
YEAR
98.8%
YEAR
98.8%
WEEK
96.9%
WEAK
95.3%
PEAK
94.5%
WEAR
93.5%
PEEK
92.9%
LAST
91.7%
SEAN
90.9%
PAST
90%
PEST
88%
LEAN
87.8%
SPIN
87.1%
TEAL
87.1%
% Correct
SHIN
86.8%
BELT
86.7%
SEAL
86.1%
PEAT
85.6%
THIS
85.3%
NEAT
84%
TELL
83.7%
SPAN
83.6%
SEAR
83.5%
THIN
83%
BEAT
83%
BELL
82.8%
YEAS
78.8%
NEXT
77.3%
LEAS
73.1%

Today's Daily Dose

You're not logged in!

Compare scores with friends on all Sporcle quizzes.
OR
Log In

Sporcle TV

Today on Sporcle TV


Watch our educational content, quiz creation guides, and fun videos on Sporcle TV.

Show Comments

Extras

Top Quizzes Today


Score Distribution

Your Account Isn't Verified!

In order to create a playlist on Sporcle, you need to verify the email address you used during registration. Go to your Sporcle Settings to finish the process.

Report this User

Report this user for behavior that violates our Community Guidelines.

Details: